<?xml version="1.0" encoding="UTF-8"?><?xml-stylesheet type="text/xsl" href="static/style.xsl"?><OAI-PMH xmlns="http://www.openarchives.org/OAI/2.0/" xmlns:xsi="http://www.w3.org/2001/XMLSchema-instance" xsi:schemaLocation="http://www.openarchives.org/OAI/2.0/ http://www.openarchives.org/OAI/2.0/OAI-PMH.xsd"><responseDate>2026-06-02T12:46:18Z</responseDate><request verb="GetRecord" identifier="oai:riuma.uma.es:10630/19419" metadataPrefix="marc">https://riuma.uma.es/rest/oai/request</request><GetRecord><record><header><identifier>oai:riuma.uma.es:10630/19419</identifier><datestamp>2026-02-03T10:24:59Z</datestamp><setSpec>com_10630_1685</setSpec><setSpec>col_10630_38055</setSpec></header><metadata><record xmlns="http://www.loc.gov/MARC21/slim" xmlns:dcterms="http://purl.org/dc/terms/" xmlns:doc="http://www.lyncode.com/xoai" xmlns:xsi="http://www.w3.org/2001/XMLSchema-instance" xsi:schemaLocation="http://www.loc.gov/MARC21/slim http://www.loc.gov/standards/marcxml/schema/MARC21slim.xsd">
   <leader>00925njm 22002777a 4500</leader>
   <datafield ind2=" " ind1=" " tag="042">
      <subfield code="a">dc</subfield>
   </datafield>
   <datafield ind2=" " ind1=" " tag="720">
      <subfield code="a">Ledesma Jiménez, Susana</subfield>
      <subfield code="e">author</subfield>
   </datafield>
   <datafield ind2=" " ind1=" " tag="260">
      <subfield code="c">2020-03-17</subfield>
   </datafield>
   <datafield ind2=" " ind1=" " tag="520">
      <subfield code="a">El análisis de sentimientos es una técnica que permite extraer la&#xd;
polaridad(i.e.positividad,negatividad o  neutralidad)de un texto.Esto&#xd;
unido al incremento del uso de las redes sociales hace que se auna técnica&#xd;
ideal para monitorizarlas y conseguir una visión general de lo que el&#xd;
público opina.Sin embargo,esta tarea es computacionalmente muy &#xd;
costosa,ya que para aumentar la precisión de estos estudios se necesitan &#xd;
grandes cantidades de datos.Una de las soluciones a este problema es &#xd;
emplear técnicas de paralelización,debido a que por lo general cada &#xd;
uno de estos ítems se procesa de forma independiente,por lo que estas &#xd;
técnicas se puede aplicar sin problemas. Por lo tanto,en este proyecto, &#xd;
nos centramos en el estudio de una aplicación de análisis de sentimientos &#xd;
implementada con la librería Dispel4py(basadaenPython),que se &#xd;
optimizará aplicando técnicas de paralelización. Específicamente usaremos &#xd;
la librería Intel Threading Building Blocks de C++ para acelerar una &#xd;
de las etapas computacionalmente más costosa de dicha aplicación. Así &#xd;
mismo se contribuirá a mejorar la precisión en el análisis de la aplicación &#xd;
original aplicando técnicas de machine learning que se han propuesto en &#xd;
la literatura científica relacionada con el análisis de sentimientos.</subfield>
   </datafield>
   <datafield ind1="8" ind2=" " tag="024">
      <subfield code="a">https://hdl.handle.net/10630/19419</subfield>
   </datafield>
   <datafield tag="653" ind2=" " ind1=" ">
      <subfield code="a">Redes sociales en Internet</subfield>
   </datafield>
   <datafield tag="653" ind2=" " ind1=" ">
      <subfield code="a">Aprendizaje automático (Inteligencia artificial)</subfield>
   </datafield>
   <datafield tag="653" ind2=" " ind1=" ">
      <subfield code="a">Informática - Trabajos Fin de Grado</subfield>
   </datafield>
   <datafield tag="653" ind2=" " ind1=" ">
      <subfield code="a">Grado en Ingeniería Informática - Trabajos Fin de Grado</subfield>
   </datafield>
   <datafield ind2="0" ind1="0" tag="245">
      <subfield code="a">Aceleración basada en TBB de una aplicación de Análisis de Sentimientos en Twitter</subfield>
   </datafield>
</record>
</metadata></record></GetRecord></OAI-PMH>